000 00753nam a2200229Ii 4500
003 JO-AjNU
008 230605s9999||||xx |||||||||||||| ||und||
017 _a2004/8/2122
020 _a978-9957-06-246-0
040 _aJO-AjNU
_bara
_erda
_cJO-AjNU
041 _aara
050 1 4 _aHD37.A7.A22 2021
100 3 _aعباس، علي,
_eauthor
_962189
245 0 0 _aاساسيات علم الادارة = Fundamentals Of Management
250 _aط11
264 3 1 _aعمان: دار المسيرة للنشر والتوزيع والطباعة، 2021
300 _a271ص
336 _atext
_btxt
_2rdacontent
337 _aunmediated
_bn
_2rdamedia
338 _avolume
_bnc
_2rdacarrier
650 4 _aعلم الادارة-ادارة اعمال
_962190
999 _aA28149
_c31717
_d31717